| 000 | 00637nam a22001817a 4500 | ||
|---|---|---|---|
| 005 | 20230918141512.0 | ||
| 010 | _aENG-138099 | ||
| 020 |
_a9789356066281 _c599.00 |
||
| 035 | _aEN-121631 | ||
| 037 | _bDBAD/PUB | ||
| 082 | _a629.250 | ||
| 100 |
_aHalderman, James D. _956824 |
||
| 245 |
_aElectric and Hybrid Electric Vehicles/ _cJames D. Halderman and Curt Ward |
||
| 260 |
_aUttar Pradesh _bPearson India Education Services Pvt. Ltd. _c2023 |
||
| 270 |
_a1st Floor, Berger Tower, Plot No. C-001A/2, Sector 16B _bNoida (Uttar Pradesh) _e201301 |
||
| 300 |
_a313 _c26cm(pbk) _bIndex |
||
| 942 |
_2ddc _cEN _h629.250 _mHAL |
||
| 999 |
_c198282 _d198282 |
||